मैं फिर से गाऊँगा / (Record no. 34744)
[ view plain ]
| 000 -LEADER | |
|---|---|
| fixed length control field | 01082nam a22002537a 4500 |
| 005 - DATE AND TIME OF LATEST TRANSACTION | |
| control field | 20100318113710.0 |
| 008 - FIXED-LENGTH DATA ELEMENTS--GENERAL INFORMATION | |
| fixed length control field | 100318t xxu||||| |||| 00| 0 hin d |
| 010 ## - LCCN (DPL NO) | |
| LC control number | HIN-89152 |
| 020 ## - INTERNATIONAL STANDARD BOOK NUMBER | |
| Terms of availability | 150.00 |
| International Standard Book Number | 8186065512 |
| 035 ## - SYSTEM CONTROL NUMBER | |
| System control number | HN-61498 |
| 037 ## - SOURCE OF ACQUISITION | |
| Source of stock number/acquisition | DBAD / PUB |
| 040 ## - CATALOGING SOURCE | |
| Original cataloging agency | DPL |
| Language of cataloging | HN |
| 082 ## - DEWEY DECIMAL CLASSIFICATION NUMBER | |
| Classification number | 821 |
| 100 ## - MAIN ENTRY--PERSONAL NAME | |
| Personal name | दिनेश सिंह |
| 9 (RLIN) | 17401 |
| 245 ## - TITLE STATEMENT | |
| Title | मैं फिर से गाऊँगा / |
| Statement of responsibility, etc | दिनेश सिंह |
| 246 ## - VARYING FORM OF TITLE | |
| Title proper/short title | Main phir sai gaunga/ |
| Remainder of title | by Dinesh Singh |
| 260 ## - PUBLICATION, DISTRIBUTION, ETC. (IMPRINT) | |
| Place of publication, distribution, etc | इलाहाबाद |
| Name of publisher, distributor, etc | अनुभूति प्रकाशन |
| Date of publication, distribution, etc | व.अ. |
| 270 ## - ADDRESS | |
| Address | 53 करनपुर, प्रयाग स्टेशन |
| City | इलाहाबाद |
| Postal code | 211002 |
| Telephone number | 09415614316 |
| 300 ## - PHYSICAL DESCRIPTION | |
| Extent | 112पृ |
| Dimensions | 22सेमी (सजिल्द) |
| 650 ## - SUBJECT ADDED ENTRY--TOPICAL TERM | |
| Topical term or geographic name as entry element | हिन्दी कविता |
| 9 (RLIN) | 697 |
| 650 ## - SUBJECT ADDED ENTRY--TOPICAL TERM | |
| Topical term or geographic name as entry element | Hindi poetry |
| 9 (RLIN) | 698 |
| 942 ## - ADDED ENTRY ELEMENTS (KOHA) | |
| Source of classification or shelving scheme | Dewey Decimal Classification |
| Item type | Hindi Books |
| Call number suffix | दिनेश |
| Withdrawn status | Lost status | Source of classification or shelving scheme | Damaged status | Not for loan | Collection code | Home library | Current library | Date acquired | Source of acquisition | Cost, normal purchase price | Total Checkouts | Full call number | Barcode | Date last seen | Copy number | Cost, replacement price | Koha item type |
|---|---|---|---|---|---|---|---|---|---|---|---|---|---|---|---|---|---|
| Dewey Decimal Classification | Not For Loan | Non-fiction | D.B.Act.Division | D.B.Act.Division | 18/03/2010 | DBAD / PUB | 150.00 | दिनेश | HN-61498 | 18/03/2010 | 1 | 150.00 | Hindi Books |
